00233nam a2200097Ia 4500008004100000041001200041100001200053245005800065260000600123650000600129221030s9999 xx 000 0 und d aEnglish aECA/BPB 0aUpto Date Diodes Data & Comparison Tablescby ECA/BPB c0 aB